000 00627cam a2200229u 4500
001 23186
003 BD-RjUL
005 20211209000912.0
008 140310s1965 enk 000 0 eng d
035 _a(BD-RjUL)23251
040 _aDLC
_cCarP
_dDLC
_dBD-RjUL
_beng
041 _aeng
082 0 0 _a907
_bAPP 1965
245 1 0 _aApproaches to history :
_ba symposium /
_cEd. by H. P. R. Finberg
250 _aPaper Back Ed
260 _aLondon :
_bRoutledge & K. Paul,
_c1965
300 _av,197p. ;
_c21cm.
650 0 _aHistory
_xMethodology.
_937108
942 _2ddc
_cBK
999 _c23186
_d23186